Výzvy pro evropský antitrust ve světe vícestranných online platforem

Internet, viacstranné platformy a súťažné právo. Viacstranné online platformy (online multi-sided platforms - OMSP) a problémy tradičného antitrustu. Chránený cieľ súťaže na trhoch OMSP.

Uložené v:
Podrobná bibliografia
Hlavný autor: Šmejkal, Václav
Médium: Kapitola
Jazyk:Czech
Predmet:
Tagy: Pridať tag
Žiadne tagy, Buďte prvý, kto otaguje tento záznam!

MARC

LEADER 00000naa a2200000 4500
001 0226199
005 20221019163049.2
041 0 |a cze 
044 |a CZ 
245 1 0 |a Výzvy pro evropský antitrust ve světe vícestranných online platforem  |c Václav Šmejkal 
520 |a Internet, viacstranné platformy a súťažné právo. Viacstranné online platformy (online multi-sided platforms - OMSP) a problémy tradičného antitrustu. Chránený cieľ súťaže na trhoch OMSP. 
610 2 0 |a koncentrácia 
610 2 0 |a súťaž hospodárska 
610 2 0 |a ochrana súťaže hospodárskej 
610 2 0 |a právo súťažné 
610 2 0 |a internet 
610 2 0 |a Európska únia 
100 1 |a Šmejkal, Václav